000 00866nam a2200241 u 4500
001 000145601
003 AM-YEHGA
005 20250617164004.0
008 030329s1933 ||||||||||||||||||||rus c
040 _aAM-YeHGA
041 1 _arus
_hger
100 1 _aРабинович, Е.
245 1 0 _aПериодическая система элементов :
_bИстория и теория /
_cЕ. Рабинович и Э. Тило ; Пер. с нем. И.М. Франка и др.
246 3 5 _aPeriodisches System
260 _aЛенинград ;
_aМосква :
_bГостехиздат,
_c1933.
300 _aкн.
440 0 _aСовременная физика
505 1 0 _gКн. 4 (1933, 409 с.)
650 1 4 _aТеоретическая химия
700 1 _aТило, Э.
700 1 _aФранк, И.М.
_eпер.
_4trl
090 _c519536
999 _c515995
_d515995